Pokémon - Attacken von Bidifas in PLA - Statistiken

Allgemein
  • Dieses Quiz wurde 2 mal gespielt
  • Das Durchschnittsergebnis liegt bei 13 aus 21
Antwortstatistiken
Antwort % Korrekt
Aquawelle
100%
Biss
100%
Donnerblitz
100%
Eisenschweif
100%
Eisstrahl
100%
Erholung
100%
Knirscher
100%
Walzer
100%
Zertrümmerer
100%
Eissturm
50%
Gigastoß
50%
Hyperstrahl
50%
Ladestrahl
50%
Risikotackle
50%
Spukball
50%
Tackle
50%
Dampfwalze
0%
Nassschweif
0%
Schwerttanz
0%
Sternschauer
0%
Tarnsteine
0%
Keine übereinstimmenden Quizze gefunden
Verteilung der Resultate
Anzahl Personen mit jedem Resultat
Perzentil nach korrekt beantworteten Fragen
Ihre Resultats-Entwicklung
Sie haben dieses Quiz noch nicht gespielt